[Event "ODJM B 2023"]
[Site "Willingen GER"]
[Date "2023.06.01"]
[Round "7"]
[White "Tulchynsky, Mark"]
[Black "Albayrak, Melissa"]
[Result "1-0"]
[Termination "normal"]
[Board "47"]
[WhiteElo "1425"]
[BlackElo "1362"]
[PlyCount "71"]
[WhiteFideId "34617698"]
[BlackFideId "16255283"]
[EventCountry "GER"]
[EventRounds "9"]
[EventType "swiss"]
[EventDate "2023.05.27"]

1. e4 e5 2. f4 exf4 3. Nf3 d6 4. Bc4 g5 5. O-O Be6 6. Bb3 Nc6 7. d4 d5 8. Nc3
dxe4 9. Nxe4 Bxb3 10. axb3 h6 11. Qe2 Be7 12. Qb5 Qc8 13. Ne5 a6 14. Qd5 Qe6
15. Qxe6 fxe6 16. Nxc6 bxc6 17. Re1 Kf7 18. Bd2 Nf6 19. Ba5 Ra7 20. Ra4 Nxe4
21. Rxe4 c5 22. Rc4 cxd4 23. Rexd4 Bd6 24. Rc6 Ke7 25. Kf2 Rb8 26. Kf3 Rb5 27.
Bc3 Rb6 28. Rdxd6 cxd6 29. Rxb6 e5 30. Bb4 Rd7 31. Rxa6 Ke6 32. c4 Kf5 33. Rxd6
e4+ 34. Ke2 Rxd6 35. Bxd6 Kg4 36. c5 1-0

[Event "ODJM B 2023"]
[Site "Willingen GER"]
[Date "2023.06.01"]
[Round "7"]
[White "Golke, Philipp"]
[Black "Yang, Markus"]
[Result "0-1"]
[Termination "normal"]
[Board "48"]
[WhiteElo "1374"]
[BlackElo "1518"]
[PlyCount "50"]
[WhiteFideId "34625259"]
[BlackFideId "16206550"]
[EventCountry "GER"]
[EventRounds "9"]
[EventType "swiss"]
[EventDate "2023.05.27"]

1. e4 e6 2. d4 d5 3. exd5 exd5 4. Bd3 Bd6 5. Nf3 h6 6. Nbd2 Ne7 7. c3 Bf5 8.
Qc2 Bxd3 9. Qxd3 Nd7 10. O-O O-O 11. c4 c6 12. c5 Bc7 13. Re1 Ng6 14. Nf1 Nf6
15. g3 Qd7 16. Kg2 Qg4 17. h3 Qd7 18. Be3 Ba5 19. Reb1 Bc7 20. b4 Nh5 21. Qd2
f5 22. Qd3 Qf7 23. Qe2 f4 24. g4 fxe3 25. gxh5 Nf4+ 0-1

[Event "ODJM B 2023"]
[Site "Willingen GER"]
[Date "2023.06.01"]
[Round "7"]
[White "Meitzner, Johan Eduard"]
[Black "Neumeier, Konstantin"]
[Result "1-0"]
[Termination "normal"]
[Board "49"]
[WhiteElo "1262"]
[BlackElo "1413"]
[PlyCount "136"]
[WhiteFideId "34623612"]
[BlackFideId "34608230"]
[EventCountry "GER"]
[EventRounds "9"]
[EventType "swiss"]
[EventDate "2023.05.27"]

1. d4 d5 2. Bf4 Nf6 3. e3 e6 4. Nf3 Bd6 5. Ne5 Bb4+ 6. c3 Ba5 7. Qa4+ c6 8. Nd2
O-O 9. h3 h6 10. Bd3 Bd7 11. Qb3 Bb6 12. c4 dxc4 13. Ndxc4 Nd5 14. Bg3 Ba5+ 15.
Ke2 b5 16. Nxa5 Qxa5 17. a3 Rc8 18. Rhc1 a6 19. Bc2 Nf6 20. Bh4 Nd5 21. Qd3 f5
22. g4 Rf8 23. Rg1 Be8 24. g5 h5 25. g6 Qc7 26. Kd2 Nd7 27. Nxd7 Qxd7 28. Qe2
Nf6 29. Bxf6 Rxf6 30. Qxh5 Qd8 31. Qh7+ Kf8 32. Qh8+ Ke7 33. Qxg7+ Kd6 34. Qh7
Bd7 35. g7 Qg8 36. Qxg8 Rxg8 37. Rg3 Rf7 38. Rag1 Be8 39. Bd1 Rf6 40. Bf3 f4
41. exf4 Rxf4 42. Ke3 Rf5 43. Rg5 Rf6 44. Bh5 Bd7 45. Bf3 Be8 46. Be4 Rh6 47.
R1g3 Ke7 48. Bd3 Bf7 49. Kf4 Kf6 50. Kg4 Ke7 51. b4 Be8 52. Kf4 Bf7 53. Ke5 Be8
54. f4 Bf7 55. f5 exf5 56. Bxf5 Be8 57. R5g4 Bf7 58. h4 Be8 59. Re3 Kf7 60. Kf4
Rf6 61. h5 Bd7 62. Re5 Rxf5+ 63. Rxf5+ Bxf5 64. Kxf5 Rxg7 65. Rxg7+ Kxg7 66.
Ke6 Kh6 67. Kd6 Kxh5 68. Kxc6 Kg6 1-0

[Event "ODJM B 2023"]
[Site "Willingen GER"]
[Date "2023.06.01"]
[Round "7"]
[White "Prokscha, Charlotte"]
[Black "Stepanjan, Tatevik Mia"]
[Result "1/2-1/2"]
[Termination "normal"]
[Board "51"]
[WhiteElo "1367"]
[BlackElo "1206"]
[PlyCount "57"]
[WhiteFideId "34614699"]
[BlackFideId "16246128"]
[EventCountry "GER"]
[EventRounds "9"]
[EventType "swiss"]
[EventDate "2023.05.27"]

1. d4 d5 2. Bf4 Nf6 3. e3 Bf5 4. Nf3 e6 5. Nbd2 c5 6. c3 Nc6 7. h3 c4 8. Be2
Bd6 9. Bh2 O-O 10. O-O Ne4 11. Nxe4 Bxe4 12. Nd2 Bf5 13. Bg4 Bxh2+ 14. Kxh2 Qf6
15. Bxf5 Qxf5 16. Nf3 b5 17. b3 Rab8 18. b4 Rfd8 19. Qb1 Qf6 20. Kh1 a6 21. Qc2
Rb7 22. a4 Rbb8 23. axb5 axb5 24. Ra6 Rdc8 25. Rfa1 Qd8 26. R1a3 Ra8 27. Qa2
Rxa6 28. Rxa6 f6 29. Qd2 1/2-1/2

[Event "ODJM B 2023"]
[Site "Willingen GER"]
[Date "2023.06.01"]
[Round "7"]
[White "Stelter, Finja"]
[Black "Goda, Maurice"]
[Result "0-1"]
[Termination "normal"]
[Board "52"]
[WhiteElo "1322"]
[BlackElo "1453"]
[PlyCount "158"]
[WhiteFideId "16298624"]
[BlackFideId "34640940"]
[EventCountry "GER"]
[EventRounds "9"]
[EventType "swiss"]
[EventDate "2023.05.27"]

1. e4 c5 2. Nf3 e6 3. d4 cxd4 4. Nxd4 Nc6 5. Bb5 Qc7 6. Nc3 a6 7. Bxc6 bxc6 8.
Be3 Nf6 9. Qd2 d5 10. exd5 cxd5 11. O-O Bd6 12. Nf3 Bb7 13. Bd4 Ne4 14. Qd3 O-O
15. Ne2 e5 16. Be3 d4 17. Bxd4 exd4 18. Nexd4 Nc5 19. Qd1 Bxf3 20. Nxf3 Rfd8
21. Qe2 Re8 22. Qd2 Ne4 23. Qd3 Nf6 24. c3 Ng4 25. g3 Ne5 26. Nxe5 Bxe5 27.
Rfe1 Qd6 28. Qe3 g6 29. Rad1 Qc7 30. f4 Bd6 31. Qd3 Rxe1+ 32. Rxe1 Bc5+ 33. Kf1
Qb7 34. Qe4 Qxe4 35. Rxe4 Kg7 36. b4 Bf8 37. a3 Kf6 38. g4 h5 39. h3 Rd8 40.
Ke2 Rd6 41. Re5 Re6 42. g5+ Ke7 43. Kd3 Rxe5 44. fxe5 Ke6 45. Ke4 Bg7 46. c4
Bxe5 47. a4 Bc7 48. b5 axb5 49. cxb5 Bb6 50. h4 Kd6 51. Kf3 Ke5 52. Ke2 Kf4 53.
Kd3 Kg4 54. Kc4 Kxh4 55. Kb4 Kxg5 56. a5 Bxa5+ 57. Kxa5 h4 58. b6 h3 59. b7 h2
60. b8=Q h1=Q 61. Qe5+ f5 62. Qe7+ Kg4 63. Qe2+ Qf3 64. Qc4+ Kg3 65. Qc7+ f4
66. Qg7 Qa3+ 67. Kb5 Qd3+ 68. Kc5 Qa3+ 69. Kd5 Qa5+ 70. Ke4 g5 71. Kd3 f3 72.
Qf6 Qa3+ 73. Ke4 Qb4+ 74. Kd3 Qb1+ 75. Kd2 Qb4+ 76. Kc2 Qc4+ 77. Kb2 g4 78.
Qd6+ Kg2 79. Qg6 f2 0-1

[Event "ODJM B 2023"]
[Site "Willingen GER"]
[Date "2023.06.02"]
[Round "8"]
[White "Andrade, Ruben"]
[Black "Khudagulyan, Xoren"]
[Result "1-0"]
[Termination "normal"]
[Board "1"]
[WhiteElo "1753"]
[BlackElo "1698"]
[WhiteClock "00:19:01"]
[BlackClock "00:36:29"]
[PlyCount "120"]
[WhiteFideId "16246829"]
[BlackFideId "34618945"]
[EventCountry "GER"]
[EventRounds "9"]
[EventType "swiss"]
[EventDate "2023.05.27"]

1. e4 {[%clk 01:30:58]} e6 {[%clk 01:30:43]} {[%emt 00:00:18]} 2. b3 {[%clk
01:31:21]} {[%emt 00:00:07]} d5 {[%clk 01:31:05]} {[%emt 00:00:08]} 3. Bb2
{[%clk 01:31:46]} {[%emt 00:00:05]} Nc6 {[%clk 01:30:35]} {[%emt 00:01:00]} 4.
exd5 {[%clk 01:21:10]} {[%emt 00:11:05]} exd5 {[%clk 01:30:59]} {[%emt
00:00:07]} 5. Nf3 {[%clk 01:14:28]} {[%emt 00:07:12]} Bg4 {[%clk 01:25:22]}
{[%emt 00:06:07]} 6. Be2 {[%clk 01:14:09]} {[%emt 00:00:48]} Nf6 {[%clk
01:25:24]} {[%emt 00:00:30]} 7. O-O {[%clk 01:13:14]} {[%emt 00:01:24]} Be7
{[%clk 01:25:45]} {[%emt 00:00:08]} 8. d4 {[%clk 01:11:51]} {[%emt 00:01:53]}
O-O {[%clk 01:21:40]} {[%emt 00:04:36]} 9. h3 {[%clk 01:11:33]} {[%emt
00:00:48]} Bf5 {[%clk 01:20:56]} {[%emt 00:01:14]} 10. c4 {[%clk 01:10:14]}
{[%emt 00:01:49]} Nb4 {[%clk 01:14:00]} {[%emt 00:07:26]} 11. Nc3 {[%clk
01:07:32]} {[%emt 00:03:11]} h6 {[%clk 01:07:07]} {[%emt 00:07:23]} 12. Ne1
{[%clk 00:45:15]} {[%emt 00:22:46]} Qd7 {[%clk 01:04:01]} {[%emt 00:03:37]} 13.
a3 {[%clk 00:44:49]} {[%emt 00:00:57]} Nc6 {[%clk 01:03:52]} {[%emt 00:00:39]}
14. Nf3 {[%clk 00:37:32]} {[%emt 00:07:47]} dxc4 {[%clk 00:47:42]} {[%emt
00:16:40]} 15. bxc4 {[%clk 00:37:47]} {[%emt 00:00:15]} Ne4 {[%clk 00:47:27]}
{[%emt 00:00:45]} 16. Nxe4 {[%clk 00:29:50]} {[%emt 00:08:27]} Bxe4 {[%clk
00:47:48]} {[%emt 00:00:08]} 17. d5 {[%clk 00:30:13]} {[%emt 00:00:07]} Nd8
{[%clk 00:40:11]} {[%emt 00:08:08]} 18. Ne5 {[%clk 00:27:27]} {[%emt 00:03:16]}
Qf5 {[%clk 00:35:26]} {[%emt 00:05:15]} 19. Bg4 {[%clk 00:25:13]} {[%emt
00:02:43]} Qh7 {[%clk 00:30:42]} {[%emt 00:05:14]} 20. Nd7 {[%clk 00:23:06]}
{[%emt 00:02:38]} Re8 {[%clk 00:28:25]} {[%emt 00:02:46]} 21. c5 {[%clk
00:22:48]} {[%emt 00:00:48]} f5 {[%clk 00:14:15]} {[%emt 00:14:41]} 22. Bh5
{[%clk 00:23:00]} {[%emt 00:00:18]} g6 {[%clk 00:14:23]} {[%emt 00:00:21]} 23.
Be2 {[%clk 00:23:18]} {[%emt 00:00:12]} Bg5 {[%clk 00:14:18]} {[%emt 00:00:35]}
24. Ne5 {[%clk 00:13:28]} {[%emt 00:10:20]} Bf6 {[%clk 00:13:33]} {[%emt
00:01:15]} 25. f4 {[%clk 00:13:44]} {[%emt 00:00:14]} Nf7 {[%clk 00:13:20]}
{[%emt 00:00:43]} 26. Bc4 {[%clk 00:00:50]} {[%emt 00:13:25]} Bxe5 {[%clk
00:09:48]} {[%emt 00:04:02]} 27. fxe5 {[%clk 00:01:18]} {[%emt 00:00:02]} Nxe5
{[%clk 00:09:17]} {[%emt 00:01:01]} 28. Bb3 {[%clk 00:01:40]} {[%emt 00:00:08]}
Kf8 {[%clk 00:08:11]} {[%emt 00:01:36]} 29. Qd4 {[%clk 00:01:06]} {[%emt
00:01:03]} Rad8 {[%clk 00:03:24]} {[%emt 00:05:17]} 30. Qxe4 {[%clk 00:00:54]}
{[%emt 00:00:42]} Qg7 {[%clk 00:01:44]} {[%emt 00:02:10]} 31. Bxe5 {[%clk
00:00:48]} {[%emt 00:00:36]} Rxe5 {[%clk 00:02:07]} {[%emt 00:00:07]} 32. Qb4
{[%clk 00:00:54]} {[%emt 00:00:24]} Qe7 {[%clk 00:02:35]} {[%emt 00:00:03]} 33.
Rfe1 {[%clk 00:00:54]} {[%emt 00:00:29]} Re8 {[%clk 00:02:50]} {[%emt
00:00:15]} 34. Rxe5 {[%clk 00:01:02]} {[%emt 00:00:23]} Qxe5 {[%clk 00:03:19]}
35. Rd1 {[%clk 00:00:56]} {[%emt 00:00:34]} Qe3+ {[%clk 00:03:29]} {[%emt
00:00:21]} 36. Kh1 {[%clk 00:01:22]} {[%emt 00:00:05]} Re4 {[%clk 00:03:56]}
{[%emt 00:00:03]} 37. Qxb7 {[%clk 00:01:02]} {[%emt 00:00:50]} Qxc5 {[%clk
00:03:31]} {[%emt 00:00:54]} 38. Qc6 {[%clk 00:00:41]} {[%emt 00:00:51]} Qxa3
{[%clk 00:03:36]} {[%emt 00:00:26]} 39. Qf6+ {[%clk 00:00:56]} {[%emt
00:00:14]} Ke8 {[%clk 00:03:51]} {[%emt 00:00:16]} 40. Qxg6+ {[%clk 00:01:09]}
{[%emt 00:00:16]} Kd8 {[%clk 00:04:17]} {[%emt 00:00:04]} 41. Qf6+ {[%clk
00:27:30]} {[%emt 00:04:09]} Qe7 {[%clk 00:33:10]} {[%emt 00:01:38]} 42. Qxe7+
{[%clk 00:25:40]} {[%emt 00:02:20]} Kxe7 {[%clk 00:33:24]} {[%emt 00:00:15]}
43. Ra1 {[%emt 00:02:02]} Rb4 {[%clk 00:32:07]} 44. Ba4 {[%clk 00:23:24]}
{[%emt 00:03:01]} f4 {[%clk 00:31:17]} {[%emt 00:01:20]} 45. Bc6 {[%clk
00:23:11]} {[%emt 00:00:43]} Kd6 {[%clk 00:31:21]} {[%emt 00:00:27]} 46. Kg1
{[%clk 00:22:20]} {[%emt 00:01:20]} Rb3 {[%clk 00:31:45]} {[%emt 00:00:07]} 47.
Kf2 {[%clk 00:22:08]} {[%emt 00:00:41]} h5 {[%clk 00:32:02]} {[%emt 00:00:13]}
48. Rxa7 {[%clk 00:21:36]} {[%emt 00:01:02]} Rb2+ {[%clk 00:32:23]} {[%emt
00:00:10]} 49. Kf3 {[%clk 00:21:58]} {[%emt 00:00:06]} Ke5 {[%clk 00:32:51]}
{[%emt 00:00:03]} 50. Rxc7 {[%clk 00:20:54]} {[%emt 00:01:34]} Rb3+ {[%clk
00:33:16]} {[%emt 00:00:05]} 51. Kf2 {[%clk 00:21:18]} {[%emt 00:00:06]} Rb2+
{[%clk 00:33:40]} {[%emt 00:00:05]} 52. Kg1 {[%clk 00:20:05]} {[%emt 00:01:43]}
Rb1+ {[%clk 00:33:48]} {[%emt 00:00:23]} 53. Kh2 {[%clk 00:20:30]} {[%emt
00:00:05]} f3 {[%clk 00:34:13]} {[%emt 00:00:05]} 54. gxf3 {[%clk 00:20:25]}
{[%emt 00:00:35]} h4 {[%clk 00:34:35]} {[%emt 00:00:08]} 55. Rb7 {[%clk
00:20:31]} {[%emt 00:00:23]} Rf1 {[%clk 00:34:48]} {[%emt 00:00:18]} 56. Kg2
{[%clk 00:20:28]} {[%emt 00:00:33]} Rc1 {[%clk 00:35:15]} {[%emt 00:00:03]} 57.
Rb2 {[%clk 00:20:37]} {[%emt 00:00:21]} Rd1 {[%clk 00:35:37]} {[%emt 00:00:09]}
58. Rb4 {[%clk 00:18:17]} {[%emt 00:02:49]} Rd2+ {[%clk 00:35:53]} {[%emt
00:00:15]} 59. Kf1 {[%clk 00:18:36]} {[%emt 00:00:09]} Rd1+ {[%clk 00:36:05]}
{[%emt 00:00:19]} 60. Ke2 {[%clk 00:19:01]} {[%emt 00:00:06]} Re1+ {[%clk
00:36:29]} {[%emt 00:00:06]} 1-0

[Event "ODJM B 2023"]
[Site "Willingen GER"]
[Date "2023.06.02"]
[Round "8"]
[White "Blome, Johannes"]
[Black "John, Niklas"]
[Result "1-0"]
[Termination "normal"]
[Board "2"]
[WhiteElo "1849"]
[BlackElo "1652"]
[WhiteClock "01:08:51"]
[BlackClock "00:00:59"]
[PlyCount "57"]
[WhiteFideId "16233972"]
[BlackFideId "16234626"]
[EventCountry "GER"]
[EventRounds "9"]
[EventType "swiss"]
[EventDate "2023.05.27"]

1. e4 {[%clk 01:30:57]} {[%emt 00:00:02]} c5 {[%clk 01:30:44]} {[%emt
00:00:17]} 2. Na3 {[%clk 01:31:21]} {[%emt 00:00:06]} d6 {[%clk 01:23:38]}
{[%emt 00:07:35]} 3. c3 {[%clk 01:30:39]} {[%emt 00:01:12]} Nf6 {[%clk
01:19:50]} {[%emt 00:04:18]} 4. g3 {[%clk 01:29:54]} {[%emt 00:01:15]} g6
{[%clk 01:17:29]} {[%emt 00:02:52]} 5. Bg2 {[%clk 01:30:18]} {[%emt 00:00:05]}
Bg7 {[%clk 01:14:29]} {[%emt 00:03:30]} 6. Ne2 {[%clk 01:30:19]} {[%emt
00:00:29]} O-O {[%clk 01:14:27]} {[%emt 00:00:32]} 7. O-O {[%clk 01:30:36]}
{[%emt 00:00:13]} Nc6 {[%clk 01:13:45]} {[%emt 00:01:13]} 8. h3 {[%clk
01:30:13]} {[%emt 00:00:52]} Bd7 {[%clk 01:13:00]} {[%emt 00:01:15]} 9. d4
{[%clk 01:30:35]} {[%emt 00:00:08]} cxd4 {[%clk 01:11:55]} {[%emt 00:01:35]}
10. cxd4 {[%clk 01:30:57]} {[%emt 00:00:08]} Qc8 {[%clk 01:05:22]} {[%emt
00:07:04]} 11. Kh2 {[%clk 01:29:38]} {[%emt 00:01:49]} a6 {[%clk 00:55:37]}
{[%emt 00:10:15]} 12. Be3 {[%clk 01:27:23]} {[%emt 00:02:44]} b5 {[%clk
00:49:30]} {[%emt 00:06:37]} 13. Qd2 {[%clk 01:19:58]} {[%emt 00:07:55]} e6
{[%clk 00:35:24]} {[%emt 00:14:37]} 14. b4 {[%clk 01:15:44]} {[%emt 00:04:44]}
Qe8 {[%clk 00:32:29]} {[%emt 00:03:24]} 15. Nc2 {[%clk 01:10:50]} {[%emt
00:05:23]} Bc8 {[%clk 00:32:15]} {[%emt 00:00:45]} 16. g4 {[%clk 01:05:07]}
{[%emt 00:06:13]} Bb7 {[%clk 00:31:19]} {[%emt 00:01:27]} 17. Ng3 {[%clk
01:05:19]} {[%emt 00:00:17]} Nd7 {[%clk 00:25:44]} {[%emt 00:06:05]} 18. Bh6
{[%clk 01:02:38]} {[%emt 00:03:11]} Nb6 {[%clk 00:23:17]} {[%emt 00:02:58]} 19.
Bxg7 {[%clk 01:01:11]} {[%emt 00:01:56]} Kxg7 {[%clk 00:23:42]} {[%emt
00:00:05]} 20. f4 {[%clk 00:50:17]} {[%emt 00:11:24]} Nc4 {[%clk 00:21:16]}
{[%emt 00:02:56]} 21. Qc3 {[%clk 00:48:38]} {[%emt 00:02:09]} Kg8 {[%clk
00:20:43]} {[%emt 00:01:03]} 22. f5 {[%clk 00:46:42]} {[%emt 00:02:25]} exf5
{[%clk 00:13:56]} {[%emt 00:07:18]} 23. exf5 {[%clk 00:45:07]} {[%emt
00:02:05]} Qd7 {[%clk 00:13:38]} {[%emt 00:00:48]} 24. Ne4 {[%clk 00:41:06]}
{[%emt 00:04:31]} Qc7 {[%clk 00:08:47]} {[%emt 00:05:20]} 25. Qg3 {[%clk
00:38:19]} {[%emt 00:03:17]} f6 {[%clk 00:01:19]} {[%emt 00:07:59]} 26. fxg6
{[%clk 00:38:19]} {[%emt 00:00:30]} h6 {[%clk 00:00:32]} {[%emt 00:01:17]} 27.
Nxf6+ {[%clk 00:38:08]} {[%emt 00:00:41]} Kg7 {[%clk 00:00:38]} {[%emt
00:00:24]} 28. Nh5+ {[%clk 00:38:26]} {[%emt 00:00:12]} Kg8 {[%clk 00:00:59]}
{[%emt 00:00:09]} 29. Bd5+ {[%clk 01:08:51]} {[%emt 00:00:59]} 1-0

[Event "ODJM B 2023"]
[Site "Willingen GER"]
[Date "2023.06.02"]
[Round "8"]
[White "Weis, Constantin"]
[Black "Weyerer, Noah"]
[Result "0-1"]
[Termination "normal"]
[Board "3"]
[WhiteElo "1677"]
[BlackElo "1677"]
[WhiteClock "00:25:52"]
[BlackClock "01:03:03"]
[PlyCount "84"]
[WhiteFideId "16286197"]
[BlackFideId "16250664"]
[EventCountry "GER"]
[EventRounds "9"]
[EventType "swiss"]
[EventDate "2023.05.27"]

1. e4 {[%clk 01:30:53]} {[%emt 00:00:03]} e6 {[%clk 01:30:54]} {[%emt
00:00:10]} 2. Nf3 {[%clk 01:31:04]} {[%emt 00:00:18]} d5 {[%clk 01:31:16]}
{[%emt 00:00:08]} 3. Nc3 {[%clk 01:31:28]} {[%emt 00:00:06]} Nf6 {[%clk
01:31:14]} {[%emt 00:00:32]} 4. e5 {[%clk 01:31:47]} {[%emt 00:00:12]} Nfd7
{[%clk 01:31:38]} {[%emt 00:00:05]} 5. d4 {[%clk 01:32:05]} {[%emt 00:00:12]}
c5 {[%clk 01:31:57]} {[%emt 00:00:12]} 6. Ne2 {[%clk 01:32:33]} {[%emt
00:00:01]} cxd4 {[%clk 01:31:37]} {[%emt 00:00:51]} 7. Nexd4 {[%clk 01:30:30]}
{[%emt 00:02:32]} Nc6 {[%clk 01:31:42]} {[%emt 00:00:24]} 8. Nxc6 {[%clk
01:24:18]} {[%emt 00:06:44]} bxc6 {[%clk 01:28:47]} {[%emt 00:03:24]} 9. c3
{[%clk 01:19:10]} {[%emt 00:05:38]} Qc7 {[%clk 01:27:26]} {[%emt 00:01:51]} 10.
Bf4 {[%clk 01:19:03]} {[%emt 00:00:37]} Qb6 {[%clk 01:26:00]} {[%emt 00:01:56]}
11. Qc2 {[%clk 01:13:25]} {[%emt 00:06:07]} Ba6 {[%clk 01:24:44]} {[%emt
00:01:47]} 12. Bxa6 {[%clk 01:12:39]} Qxa6 {[%clk 01:24:37]} {[%emt 00:01:53]}
13. Qe2 {[%clk 01:12:58]} {[%emt 00:00:10]} Qb7 {[%clk 01:21:54]} {[%emt
00:03:13]} 14. O-O {[%clk 01:09:48]} {[%emt 00:03:40]} Be7 {[%clk 01:21:49]}
{[%emt 00:00:36]} 15. b3 {[%clk 00:58:58]} {[%emt 00:11:20]} O-O {[%clk
01:20:05]} {[%emt 00:02:14]} 16. Ng5 {[%clk 00:55:09]} {[%emt 00:04:19]} Rfe8
{[%clk 01:13:28]} {[%emt 00:07:07]} 17. Qh5 {[%clk 00:53:57]} {[%emt 00:01:40]}
Bxg5 {[%clk 01:13:52]} {[%emt 00:00:08]} 18. Qxg5 {[%clk 00:54:25]} {[%emt
00:00:02]} c5 {[%clk 01:10:58]} {[%emt 00:03:24]} 19. Rfd1 {[%clk 00:48:55]}
{[%emt 00:05:59]} Nf8 {[%clk 01:06:33]} {[%emt 00:04:55]} 20. h4 {[%clk
00:45:04]} {[%emt 00:04:21]} Qe7 {[%clk 01:05:04]} {[%emt 00:02:00]} 21. Qg3
{[%clk 00:43:10]} {[%emt 00:02:24]} f6 {[%clk 01:00:50]} {[%emt 00:04:44]} 22.
h5 {[%clk 00:39:16]} {[%emt 00:04:24]} fxe5 {[%clk 00:59:42]} {[%emt 00:01:38]}
23. Bxe5 {[%clk 00:39:26]} {[%emt 00:00:19]} Nd7 {[%clk 00:59:23]} {[%emt
00:00:50]} 24. Bf4 {[%clk 00:32:55]} {[%emt 00:07:01]} Qf7 {[%clk 00:55:11]}
{[%emt 00:04:42]} 25. h6 {[%clk 00:31:59]} {[%emt 00:01:26]} e5 {[%clk
00:54:09]} {[%emt 00:01:31]} 26. Bd2 {[%clk 00:24:41]} {[%emt 00:07:48]} g6
{[%clk 00:54:12]} {[%emt 00:00:28]} 27. Re1 {[%clk 00:24:21]} {[%emt 00:00:50]}
Qf5 {[%clk 00:51:16]} {[%emt 00:03:27]} 28. Rad1 {[%clk 00:16:04]} {[%emt
00:08:46]} Nf6 {[%clk 00:49:28]} {[%emt 00:02:18]} 29. Bc1 {[%clk 00:16:04]}
{[%emt 00:00:30]} d4 {[%clk 00:48:30]} {[%emt 00:01:28]} 30. cxd4 {[%clk
00:12:33]} {[%emt 00:04:02]} cxd4 {[%clk 00:48:48]} {[%emt 00:00:11]} 31. f3
{[%clk 00:11:34]} {[%emt 00:01:30]} Rac8 {[%clk 00:47:48]} {[%emt 00:01:29]}
32. Re2 {[%clk 00:11:38]} {[%emt 00:00:26]} Nd5 {[%clk 00:46:55]} {[%emt
00:01:23]} 33. Rde1 {[%clk 00:10:42]} {[%emt 00:01:26]} d3 {[%clk 00:43:26]}
{[%emt 00:03:59]} 34. Re4 {[%clk 00:06:40]} {[%emt 00:04:31]} Nc3 {[%clk
00:42:42]} {[%emt 00:01:15]} 35. Rxe5 {[%clk 00:04:28]} {[%emt 00:02:42]} Rxe5
{[%clk 00:42:33]} {[%emt 00:00:40]} 36. Rxe5 {[%clk 00:04:51]} {[%emt
00:00:06]} Ne2+ {[%clk 00:42:53]} {[%emt 00:00:09]} 37. Rxe2 {[%clk 00:04:35]}
{[%emt 00:00:47]} dxe2 {[%clk 00:43:15]} {[%emt 00:00:08]} 38. Bd2 {[%clk
00:04:27]} {[%emt 00:00:38]} Qc5+ {[%clk 00:36:46]} {[%emt 00:06:59]} 39. Kh2
{[%clk 00:04:50]} {[%emt 00:00:06]} Qd4 {[%clk 00:35:15]} {[%emt 00:02:01]} 40.
Qh3 {[%clk 00:01:09]} {[%emt 00:04:11]} Qd6+ {[%clk 00:34:31]} {[%emt
00:01:15]} 41. Bf4 {[%clk 00:25:23]} {[%emt 00:06:16]} Qxf4+ {[%clk 01:03:45]}
{[%emt 00:01:15]} 42. g3 {[%clk 00:25:52]} Qf5 {[%clk 01:03:03]} {[%emt
00:01:13]} 0-1